Loading...
| Auditory Arts | 5 | 14.00 | 100% | 40% | 0% |
| Beliefs | 8 | 11.25 | 88% | 25% | 0% |
| Current Events | 3 | 13.33 | 100% | 0% | 33% |
| Fine Arts - Other Arts | 5 | 14.00 | 100% | 20% | 20% |
| Geography | 1 | 10.00 | 100% | 0% | 0% |
| History - American History | 4 | 15.00 | 100% | 50% | 0% |
| History - Ancient History | 2 | 5.00 | 50% | 0% | 0% |
| History - European History | 4 | 17.50 | 100% | 50% | 25% |
| History - Other History | 2 | 20.00 | 100% | 100% | 0% |
| History - World History | 7 | 12.86 | 86% | 43% | 0% |
| Literature - American Literature | 3 | 10.00 | 100% | 0% | 0% |
| Literature - British Literature | 4 | 10.00 | 75% | 25% | 0% |
| Literature - European Literature | 6 | 11.67 | 100% | 17% | 0% |
| Literature - World Literature | 3 | 16.67 | 67% | 100% | 0% |
| Other Academic | 3 | 10.00 | 100% | 0% | 0% |
| Philosophy | 5 | 8.00 | 60% | 20% | 0% |
| Science - Biology | 4 | 12.50 | 100% | 0% | 25% |
| Science - Chemistry | 5 | 10.00 | 80% | 20% | 0% |
| Science - Other Science | 7 | 14.29 | 100% | 43% | 0% |
| Science - Physics | 4 | 12.50 | 75% | 50% | 0% |
| Social Science | 9 | 13.33 | 100% | 22% | 11% |
| Visual Arts | 8 | 18.75 | 88% | 50% | 50% |